000
00291nam a22001217a 4500
020
_a
812190434X
082
_a
332.46
100
_a
Gupta,Suraj B.
245
_a
Monetary Economics institutions,theory and policy
260
_a
New Delhi
_b
S Chand and Co
_c
2008
300
_a
460
942
_c
BK
999
_c
2517
_d
2517